LEADER 01325naa a2200253 a 4500 001 000000120327 003 CaOOAMICUS 005 20100225101133.0 008 100225t2010 it u000 ubita r 040 $aPUL$bita$dReb 100 1 $aBrunetta, Gian Piero.$0(OLS)http://pul/name/23534 245 13$aIl cinema neorealista italiano. Da "Roma città aperta" a "I soliti ignoti" /$cGian Piero Brunetta . 260 $aMilano :$bIl Sole 24 ore,$c©2010$aTorino :$bGiulio Einaudi 300 $axi, 310 p. ;$c22 cm. 500 $aEdizione speciale per il Sole 24 Ore. Pubblicata su licenza di Giulio Einaudi editore. 504 $aNote e bibliografia p. 221-285. 650 4$aCinema neorealista$zItalia$xStoria e critica.$0(OLS)http://pul/subject/36513 773 1 $tStoria del cinema mondiale.$dMilano : Il Sole 24 ore, ©2009 Torino : Giulio Einaudi $w()118347 850 $aPUL 852 $aPUL$W1$xDP2 Cons. Gen., Altre Classi 3$y97$m791. 4 COLL 1.15$j137965$qDDC 21$B137124$CPULBib$Z2$F137124 $H112999 $82 941 1 $a9 996 $6245$aIl cinema neorealista italiano. Da "Roma città aperta" a "I soliti ignoti"$9(OLS)http://pul/title/151346 996 $6260$aMilano :$bIl Sole 24 ore$9(OLS)http://pul/publisher/69212 996 $6260$aTorino :$bGiulio Einaudi$9(OLS)http://pul/publisher/54573 LEADER 00797naa a2200217 u 4500 001 000000103439 003 CaOOAMICUS 005 20070226130216.0 008 061116s1979 fr u000 u fre u 020 $a2082107116 035 $a11107054 040 $aIAR$bita 100 1 $aPuech, Henri-Charles,$d1902-1986.$0(OLS)http://pul/name/7029 245 10$aSignification et représentation /$cHenri-Charles Puech. 260 $aParis :$bFlammarion,$c1979. 300 $ap. 487-492 ;$c22 cm 500 $aIAR: CCI.410 773 0 $aPuech, Henri-Charles.$tSur le manichéisme et autres essais$w()13283 996 $6020$a2082107116$9(OLS)http://pul/number/16994 996 $6245$aSignification et représentation$9(OLS)http://pul/title/130344 996 $6260$aParis :$bFlammarion$9(OLS)http://pul/publisher/48204